000 00318nam a22001217a 4500
008 230703b xxu||||| |||| 00| 0 eng d
082 _a346.6
_bBYA 1973
100 _cJ. B. Byamugisha
245 _aInsurance Law in East Africa
260 _bEast Africa Literature Bureau
_c1973
300 _aXIII,218p
942 _2ddc
_cBK
999 _c3187
_d3187